Places in Wiltshire - sudden death - Statistics

General Stats
  • This quiz has been taken 30 times
  • The average score is 13 of 24
Answers on the Grid
Answers color-coded by a green-red scale on the quiz's grid according to % correct below.
Manchester
Wilt
Swindon
London
Middle Wallop
Stonehenge
The Magic Roundabout
Old Trafford
Salisbury
River Severn
Marlborough
Chippenham
The midpoint of England
Porton Down
Devizes
Edward Heath's birthplace
Trowbridge
Pride Park
Site of the first railway
River Thames
Royal Wootton Bassett
A 2025/26 EFL team
Clovis
Warminster
England's tallest cathedral
Cricklade
Shaftesbury
Lowell
Bulford Camp
Amesbury
A test cricket ground
Corsham
Jeremy Corbyn's birthplace
Andover
Avebury
Darwin's birthplace
Blean Woods
Kant's grave
Calne
Malahide
Fullerton
The County Ground
Denton
David Mitchell's birthplace
Strand
Alan Turing's birthplace
Merrylands
A League Cup-winning football club
 
Answer Stats
Answer % Correct
Swindon
95%
Stonehenge
86%
Chippenham
82%
Salisbury
82%
Trowbridge
77%
Devizes
73%
Swindon The Magic Roundabout
68%
Marlborough
64%
Standing stones Avebury
59%
Salisbury England's tallest cathedral
59%
Royal Wootton Bassett
55%
Swindon Town A 2025/26 EFL team
50%
Swindon Town The County Ground
50%
Swindon Town, 1969 A League Cup-winning football club
45%
Near Stonehenge Amesbury
41%
Secretive chemical weapons & diseases lab Porton Down
41%
Warminster
41%
Corsham
36%
A military camp on Salisbury Plain Bulford Camp
32%
Calne
32%
River Thames
32%
Cricklade
18%
Chippenham Jeremy Corbyn's birthplace
18%
Salisbury David Mitchell's birthplace
14%
No matching quizzes found
Score Distribution
Percent of People with Each Score
Percentile by Number Answered
Your Score History
You have not taken this quiz